Broadway Musicals: Spot the Wrong Song - Statistics

General Stats
  • This quiz has been taken 19 times
  • The average score is 8 of 15
Answer Stats
Question Answer % Correct
Hamilton "The XYZ Affair"
84%
Wicked "Just The Right Spell"
79%
A Chorus Line "Dancing"
63%
Oklahoma! "I Got the Sun in the Morning"
58%
Into the Woods "Let Down Your Hair"
58%
Hadestown "Under The World"
58%
Chicago "A Sweet Little Bullet from a Pretty Blue Gun"
53%
Cabaret "I Can't Do It Alone"
53%
Les Miserables "Make Them Hear You"
53%
Jesus Christ Superstar "Golgotha"
47%
The Producers "Give Them What They Want"
42%
Carousel "People Will Say We're In Love"
42%
The Sound of Music "Something Wonderful"
42%
Avenue Q "The Lonely Jew on Christmas"
42%
A Strange Loop "Shame in My Body"
26%
No matching quizzes found
Score Distribution
Percent of People with Each Score
Percentile by Number Answered
Your Score History
You have not taken this quiz